00233nam a2200085Ia 450000100070000000500170000700800410002424500470006526000350011280323520250826171111.0250824s9999 xx 000 0 und d 0aCAN VEREN PERVANELER 4cHAYATİ İNANÇ bBABIALİ KÜLTÜR YAYINLARI